<?xml version='1.0' encoding='UTF-8'?><?xml-stylesheet href='static/style.xsl' type='text/xsl'?><OAI-PMH xmlns="http://www.openarchives.org/OAI/2.0/" xmlns:xsi="http://www.w3.org/2001/XMLSchema-instance" xsi:schemaLocation="http://www.openarchives.org/OAI/2.0/ http://www.openarchives.org/OAI/2.0/OAI-PMH.xsd"><responseDate>2026-04-30T14:51:41Z</responseDate><request verb="GetRecord" identifier="oai:ebiltegia.mondragon.edu:20.500.11984/4698" metadataPrefix="marc">https://ebiltegia.mondragon.edu/oai/request</request><GetRecord><record><header><identifier>oai:ebiltegia.mondragon.edu:20.500.11984/4698</identifier><datestamp>2024-01-04T21:56:59Z</datestamp><setSpec>com_20.500.11984_1736</setSpec><setSpec>com_20.500.11984_1627</setSpec><setSpec>col_20.500.11984_1972</setSpec></header><metadata><record xmlns="http://www.loc.gov/MARC21/slim" xmlns:dcterms="http://purl.org/dc/terms/" xmlns:xsi="http://www.w3.org/2001/XMLSchema-instance" xmlns:doc="http://www.lyncode.com/xoai" xsi:schemaLocation="http://www.loc.gov/MARC21/slim http://www.loc.gov/standards/marcxml/schema/MARC21slim.xsd">
   <leader>00925njm 22002777a 4500</leader>
   <datafield ind2=" " ind1=" " tag="042">
      <subfield code="a">dc</subfield>
   </datafield>
   <datafield ind2=" " ind1=" " tag="720">
      <subfield code="a">Mondragon Unibertsitatea</subfield>
      <subfield code="e">author</subfield>
   </datafield>
   <datafield ind2=" " ind1=" " tag="260">
      <subfield code="c">2016-06-01</subfield>
   </datafield>
   <datafield ind2=" " ind1=" " tag="520">
      <subfield code="a">Basque Culinary Center-ek EROSKI SELEQTIA gourmet produktuen kalitatea neurtuko du hemendik aurrera. Horretarako, elikagaien analisi sentsorialean adituak diren zenbait profesional ariko dira produktu horiek dastatzen; profesional horietan dira gastronomia zientzien fakultateko irakasleak eta fakultatearekin hainbat programetan maiz aritzen diren chef gonbidatuak. Horrela, EROSKIk are gehiago bermatuko du bere goi mailako produktuen marka kalitate bikainekoa dela.</subfield>
   </datafield>
   <datafield ind2=" " ind1=" " tag="520">
      <subfield code="a">Basque Culinary Center (BCC) testará a partir de ahora la calidad de los productos EROSKI SELEQTIA de selección “gourmet”, que serán catados por profesionales, expertos en análisis sensorial alimentario, personal docente de la Facultad de Ciencias Gastronómicas y chefs invitados con quienes la facultad colabora habitualmente en diversos programas. EROSKI refuerza así la garantía de excelencia de su marca de  productos de alta gama.</subfield>
   </datafield>
   <datafield ind1="8" ind2=" " tag="024">
      <subfield code="a">https://hdl.handle.net/20.500.11984/4698</subfield>
   </datafield>
   <datafield tag="653" ind2=" " ind1=" ">
      <subfield code="a">Aktualitatea</subfield>
   </datafield>
   <datafield tag="653" ind2=" " ind1=" ">
      <subfield code="a">Actualidad</subfield>
   </datafield>
   <datafield ind2="0" ind1="0" tag="245">
      <subfield code="a">Basque Culinary Center-ek Eroski Seleqtia Produktuen kalitatea neurtuko du</subfield>
   </datafield>
   <datafield ind2="0" ind1="0" tag="245">
      <subfield code="a">Basque Culinary Center testará la calidad de los productos Eroski Seleqtia</subfield>
   </datafield>
</record></metadata></record></GetRecord></OAI-PMH>